| 000 | 00372nam a2200133Ia 4500 | ||
|---|---|---|---|
| 005 | 20260326100044.0 | ||
| 008 | 260326s9999||||xx |||||||||||||| ||und|| | ||
| 100 | _aChueca Goitia, Fernando | ||
| 245 | 0 |
_aInvariantes Castizos de la Arquitectura EspaƱola / _cFernando Chueca Goitia |
|
| 260 | _bSeminario y Ediciones | ||
| 300 | _a254 p. | ||
| 650 | _aHISTORIA | ||
| 942 | _cBK | ||
| 999 |
_c7103 _d7103 |
||